000 02606nam0a2200505 4500
001 14062
003 http://www.sudoc.fr/295035153
005 20260401184135.0
010 _a9782381980980
_d14 EUR
035 _a(OCoLC)1579629859
035 _aFRBNF487271340000000
_zFRBNF48727134
073 0 _a9782381980980
090 _a14062
099 _o0
100 _a20260316d2026 m y0frey50 ba
101 1 _afre
101 1 _cspa
102 _aFR
105 _ay z 000by
181 _6z01
_ctxt
_2rdacontent
181 1 _6z01
_ai#
_bxxxe##
182 _6z01
_cn
_2rdamedia
182 1 _6z01
_an
183 1 _6z01
_anga
_2RDAfrCarrier
200 1 _aLa maison de Bernarda Alba
_edrame de femmes dans les villages d'Espagne
_asuivi d'un extrait d'Impressions et paysages
_bLIVR
214 0 _cL'Arche
_dDL 2026
214 0 _aMontreuil
215 _a1 volume (107 pages)
215 _d19 cm
225 2 _aScène ouverte
320 _aNotes bibliographiques
323 _a17 personnages
330 _aÉcrite à l'aube du franquisme, La Maison de Bernarda Alba est l'une des rares pièces du répertoire dont les personnages sont exclusivement féminins. Dans un village de la campagne andalouse, marqué par le poids des traditions et du patriarcat, une famille vit repliée sur elle-même. La mère, Bernarda, mène la vie dure à ses cinq filles célibataires, mais lorsque l'aînée s'apprête à faire un mariage d'argent avec le plus bel homme de la région, toute l'organisation de la maison se dérègle. Les masques tombent, les cœurs s'enflamment, la communauté se déchire et les discours se radicalisent dans une folle surenchère. À travers une langue poétique et truculente, Lorca dissèque les rapports hommes-femmes et crée une superbe galerie de personnages féminins, loin des stéréotypes. Cette nouvelle traduction, fidèle à la modernité de la pièce, est suivie d'une contextualisation historique et d'un extrait d'une œuvre en prose, Impressions et paysages, qui éclaire le rapport intime de l'auteur à son inoubliable chef-d'œuvre.
410 _000103250X
410 _tScène ouverte
_x0768-1666
454 _t˜La œcasa de Bernarda Alba
608 _3027796825
_aThéâtre (genre littéraire) espagnol
_3086305646
_zXXe siècle
_2rameau
700 1 _aGarcía Lorca
_bFederico
_f1898-1936
700 1 _3027323307
_4070
701 1 _aBraguier-Gouverneur
_bLaurey
_f19..-....
701 1 _aCroisy
_bThibaud
701 1 _3172056357
_4730
701 1 _3262060280
_4730
_4340
801 3 _aFR
_bAbes
_c20260316
_gAFNOR
801 0 _aFR
_bFR-751131015
_c20260311
_gAFNOR